Justicia entre saberes : (Record no. 190630)
[ view plain ]
| 000 -LEADER | |
|---|---|
| campo de control de longitud fija | 01378nam a2200289 i 4500 |
| 001 - NÚMERO DE CONTROL | |
| campo de control | 190630 |
| 003 - IDENTIFICADOR DE NÚMERO DE CONTROL | |
| campo de control | ES-MaACL |
| 005 - FECHA Y HORA DE LA ÚLTIMA TRANSACCIÓN | |
| campo de control | 20251014063308.0 |
| 008 - DATOS DE LONGITUD FIJA--INFORMACIÓN GENERAL | |
| campo de control de longitud fija | 220225s2017 sp 001 0 spa |
| 020 ## - NÚMERO INTERNACIONAL ESTÁNDAR DEL LIBRO | |
| Número Internacional Estándar del Libro | 978-84-7112-836-2 |
| 080 ## - NÚMERO DE LA CLASIFICACIÓN DECIMAL UNIVERSAL | |
| Número de la Clasificación Decimal Universal | 165 |
| 080 ## - NÚMERO DE LA CLASIFICACIÓN DECIMAL UNIVERSAL | |
| Número de la Clasificación Decimal Universal | 316.334.3 |
| 100 1# - ENTRADA PRINCIPAL--NOMBRE DE PERSONA | |
| Nombre de persona | Santos, Boaventura de Sousa, |
| Fechas asociadas al nombre | 1940- |
| 9 (RLIN) | 174217 |
| 245 10 - MENCIÓN DEL TÍTULO | |
| Título | Justicia entre saberes : |
| Resto del título | epistemologías del sur contra el epistemicidio / |
| Mención de responsabilidad, etc. | Boaventura de Sousa Santos ; traducido por Roc Filella. |
| 260 ## - PUBLICACIÓN, DISTRIBUCIÓN, ETC. | |
| Lugar de publicación, distribución, etc. | San Sebastián de los Reyes, Madrid : |
| Nombre del editor, distribuidor, etc. | Morata, |
| Fecha de publicación, distribución, etc. | [2017] |
| 300 ## - DESCRIPCIÓN FÍSICA | |
| Extensión | 348 p. ; |
| Dimensiones | 24 cm. |
| 490 1# - MENCIÓN DE SERIE | |
| Mención de serie | Sociología. Estudios internacionales |
| 500 ## - NOTA GENERAL | |
| Nota general | Índice. |
| 504 ## - NOTA DE BIBLIOGRAFÍA, ETC. | |
| Nota de bibliografía, etc. | Bibliografía: p. [307]-332. |
| 505 8# - NOTA DE CONTENIDO CON FORMATO | |
| Nota de contenido con formato | Manifiesto por el buen vivir ; Minifiesto por los activistas-intelectuales ; Introducción: Más allá de la imaginación política y de la teoría crítica euro-céntricas ; Primera parte: Modernidades centrífugas y los occidentes subalternos: grados de separación ; Segunda parte: Hacia las epistemologías del sur: contra el desperdicio de la experiencia |
| 650 #4 - PUNTO DE ACCESO ADICIONAL DE MATERIA--TÉRMINO DE MATERIA | |
| Término de materia o nombre geográfico como elemento de entrada | Epistemología. |
| 9 (RLIN) | 12338 |
| 650 #4 - PUNTO DE ACCESO ADICIONAL DE MATERIA--TÉRMINO DE MATERIA | |
| Término de materia o nombre geográfico como elemento de entrada | Sociología política. |
| 9 (RLIN) | 17215 |
| 830 1# - PUNTO DE ACCESO ADICIONAL DE SERIE-TÍTULO UNIFORME | |
| Título uniforme | Sociología. Estudios internacionales |
| 9 (RLIN) | 225916 |
| 852 4# - LOCALIZACIÓN | |
| Ubicación | ES-MaACL |
| Número de control de estantería | A-14893 |
| itemnumber | 197809 |
| Sublocalización o colección | R.152242 |
| Ubicación en estantería | Depósito 1 |
| Signatura antigua | Olim: N-7893 |
| Donativo/Legado | Donación: Editorial |
| 942 ## - ELEMENTOS DE ENTRADA SECUNDARIOS (KOHA) | |
| Fuente del sistema de clasificación o colocación | Clasificación decimal universal |
| Estatus retirado | Estado de pérdida | Fuente del sistema de clasificación o colocación | Estado de daño | No para préstamo | Biblioteca de origen | Biblioteca actual | Ubicación en estantería | Fecha de adquisición | Fuente de adquisición | Total de préstamos | Signatura topográfica completa | Código de barras | Visto por última vez | Precio de reemplazo | Tipo de ítem Koha |
|---|---|---|---|---|---|---|---|---|---|---|---|---|---|---|---|
| Clasificación decimal universal | Biblioteca del Ateneo de Madrid | Biblioteca del Ateneo de Madrid | Depósito 1 | 25/02/2022 | Donación | A-14893 | 1202849 | 23/02/2023 | 23/02/2023 | Libro impreso |
